| 000 | 00000nam##2200000za#4500 |
| 001 | 9.600078 |
| 003 | CaOODSP |
| 005 | 20210624205407 |
| 007 | cr ||||||||||| |
| 008 | 150406|2003||||xxc|||||o f|0| 0 fre|d |
| 040 | |aCaOODSP|bfre |
| 043 | |an-cn--- |
| 086 | 1 |aBT31-4/2-2003F-PDF |
| 110 | 1 |aCanada. |bConseil du trésor. |
| 245 | 10|aAgence de promotion économique du Canada atlantique, rapport sur le rendement pour la période se terminant le 31 mars 2003 |h[ressource électronique] |
| 260 | |bSecrétariat du Conseil du Trésor du Canada |c2003. |
| 300 | |a87p.|bfigure, graphiques, ill., tableaux, index |
| 490 | 1 |aRapport sur le rendement pour la période se terminant le 31 mars 2003 |
| 590 | |a10-15-Supp|b2010-12-10 |
| 775 | 08|tAtlantic Canada Opportunities Agency, performance report for the period ending March 31, 2003 |w(CaOODSP)9.568812 |
| 776 | 0#|tAtlantic Canada Opportunities Agency |w(CaOODSP)9.538258 |
| 776 | 0#|tAgence de promotion économique du Canada atlantique |w(CaOODSP)9.538259 |
| 830 | #0|aRapport sur le rendement pour la période se terminant le 31 mars 2003.|w(CaOODSP)9.501309 |
| 856 | 40|ahttp://publications.gc.ca|qPDF|s747 Ko|uhttps://publications.gc.ca/collections/collection_2010/sct-tbs/BT31-4-2-2003-fra.pdf |